000
00212nam a22000857a 4500
008
170621b xxu||||| |||| 00| 0 eng d
100
_9
3616
_a
NCERT
245
_a
Lab Manual Science -XI
260
_a
New Delhi
_b
NCERT
_c
2008
999
_c
7004
_d
7004